01538nam a2200349 a 4500001001000000003000500010005001700015008004100032010001100073011001100084040000900095090001000104100003900114245019400153260004100347500006000388502008600448590003700534590004000571590004000611650005500651650003400706650004400740856001600784856007000800901000700870942001000877942000600887999001900893952014000912952013601052000112514CHAP20220329144310.0160608s2016 mx sm |||||||spa d a108975 a109947 cCHAP aTesis1 aBautista Bautista, Leticia913085510aConservación de frutos de tuna roja (Opuntia ficus-indica) mediante recubrimientos de biopoliméricos de goma arábiga y cera de candelillah[En línea]cpor Leticia Bautista Bautista. aChapingo, Méx. :bEl autor,c2016. aPara ver el contenido del material haga clic en la liga aTesis (Ing. Agroindustrial ) -- UACH. Departamento de Ingeniería Agroindustrial aBATCHb00c20181121lUCH01h0758 aE5765TAJb05c20160608lUCH01h0946 aE5765TAJb05c20160608lUCH01h094714aBiopolímerosxAplicaciones industriales.913085614aTunaxAlmacenamiento.911554514aTunaxTecnología postcosecha.9115566 a1 n0000828 aFinding aiduhttp://10.13.5.2/tesis/sist112514.pdfzTeclea aquí aBK cTESIS n0 c108975d108975 00102local4053708TESISaBCbBCcPA_TESISd2016-06-08fTESISl0oTesisp33724002523330r2019-12-31 00:00:00tc.2w2019-12-31yTESIS 00104054718TESISaBCbBCd2016-06-08fTESISl0oTesisp33724002523371r2019-12-31 00:00:00w2019-12-31yTESISzRecien adquirido